000 02614cam a22004694i 4500
003 PE-LiUPU
005 20250731172905.0
008 150623s r 000 0 d
020 _a0801031907
020 _a9780801031908
035 _a(Sirsi) a166446
040 _aPE-LiUPU
_bspa
_cPE-LiUPU
_erda
049 _aPRUA
082 0 4 _a226.407
_bP26
_223
100 1 _aParsons, Mikeal C.
_q(Mikeal Carl),
_d1957-,
_eautor.
245 0 0 _aLuke /
_cMikeal C. Parsons.
264 1 _aGrand Rapids, Michigan :
_bBaker Academic,
_c2015.
300 _axxii, 421 páginas ;
_c23 centímetros.
336 _atext
_2rdacontent
337 _aunmediated
_2rdamedia
338 _avolume
_2rdacarrier
490 0 _aPaideia: commentaries on the New Testament
504 _aIncluye bibliografía.
505 0 _aPart 1: Jesus Origins and Training (Luke 1:1-4:13). Preface (Luke 1:1-4) -- Annunciations John and Jesus (Luke 1:5-56) -- Birth and Training John and Jesus (1:57-2:52) -- Beginning Jesus Public Ministry (Luke 3:1-4:13) -- Part 2: Jesus Mighty Words and Deeds in Galilee (Luke 4:14-9:50) -- Jesus Marvelous Words and Deeds (Luke 4:14-6:49) -- Jesus Miracles and Mission and the Sending Out of His Followers (Luke 7:1-8:56) -- Part 3: Jesus Mighty Words and Deeds along the Way (Part 1) (Luke 9:51-14:35). Beginning the Journey (Luke 9:51-11:13) -- Jesus in Dialogue (Luke 11:14-13:9) -- More Healings and Parables (Luke 13:10-14:35) -- Part 4: Jesus Mighty Words and Deeds Along the Way (Part 2) (Luke 15:1-19:44) -- The Character of God and the Lost Parables (Luke 15:1-32) -- The Use and Abuse of Wealth (Luke 16:1-17:10) -- Jesus Teaching about the Kingdom (Luke 17:11-18:30) -- Drawing Near to Jerusalem (Luke 18:31-19:44). Part 5: Jesus in Jerusalem : Teachings, Death and Resurrection (Luke 19:45-24:53) -- Jesus in and around the Temple (Luke 19:45-21:38) -- The Meaning and Manner of Jesus' Death (Luke 22:1-23:49) -- Jesus Burial, Empty Tomb, and Post-resurrection Appearances (Luke 23:50-24:53).
526 _aSEG42
526 _aSEG41
526 _aSEG40
526 _aSEG39
526 _aP94
526 _aP87
526 _aP86
526 _aP85
526 _aP77
526 _aP76
526 _aP35
650 0 4 _aBiblia.
_pLucas
_vComentarios.
942 _2ddc
_cBOOK
994 _aC0
_bPEPRU
596 _a1
999 _a226.407 P26
_wLC
_c15186
_i75250
_d15186
_f2021-11-9
_g6
_lCCODEBUL1
_mBUL
_q2
_r0
_sY
_tBOOK
_u2017-1-24
_xTEOLOGIA
_PP85
_0COMPRA
_o.STAFF. Colección Teología
980 _81
_gALBERTO SANCHEZ Responsable de Automatización